1866 1712 1973 1001 1184 1339 1048 1690 1115 1277 1056 1389 1925 1341 1059 1102 1803 1072 1351 1779 1197 1357 1576 1029 1320 1470 1721 1058 1245 1096 1312 1230 1012 1891 1378 1900 1788 1822 1303 1054 1158 1000 1384 1524 1458 1935 1819 1885 1468 1196 1445 1421 1352 1597 1093 1279 1176 1130 1338 1189 1274 1566 1288 1925 1227 1601 1216 1906 1264 1225 1153 1608 1784 1890 1392 1918 1202 1759 1935 1245 1804 1834 1868 1589 1241 1489 1318 1725 1835 1225 1693 1893 1627 1384 1334 1723 1475 1157 1295 BCNSPRNW ULIB Ver.6.0+V

เปลี่ยนเป็นภาษาไทย

Change to English
 แสดงรายละเอียดบรรณานุกรม
  กลับหน้าหลัก

Brief Record : Get Marc (ISO 2709) : E-mail record : QR code < ปิดหน้าต่าง
LEADER : 00000nam 2200000uu 4500
001    13399111519
003     ULIB
008    110629s||||||||th 000 0 tha d
020    9786117005008
050  4 BQ4570^bว111ผ 2552
245 00 แผนที่ชีวิตเข็มทิศความสุข /^cว. วชิรเมธี ... [และคนอื่นๆ]
250    พิมพ์ครั้งที่ 4
260    กรุงเทพฯ :^bสถาพรบุ๊คส์,^c2552
300    159 หน้า :^bภาพประกอบ ;^c18 ซม.
650  7 การดำเนินชีวิต^xแง่ศาสนา^xพุทธศาสนา
650  7 ความสุข
650  7 ความสุข^xแง่จิตวิทยา
700 0  ว. วชิรเมธี
945    ^p69^l0^i027696
995    ทศพร
999 ^a ใช้งานได้ทุกระบบ
รายการนี้ยังไม่มีแท็ก
คุณยังไม่ได้ล็อกอิน คุณสามารถมีกิจกรรมร่วมกับเว็บไซต์ได้ แต่ต้องล็อกอินก่อน ::
  ล็อกอิน

รายการสื่อสารสนเทศ

ลำดับที่ ประเภท เลขเรียก/บาร์โค้ด สถานที่ สถานะ
- ไม่พบข้อมูล -

รายการใกล้เคียง
    หัวเรื่อง [ความสุข]

BibComment


ยังไม่เคยถูกคอมเมนท์

คอมเมนท์ทรัพยากรรายการนี้
  คอมเมนท์: แผนที่ชีวิตเข็มทิ..


 Copyright 2026. Bcnsprnw @Library